| 000 | 01595cab a2200433 4500 | ||
|---|---|---|---|
| 001 | ABS48448 | ||
| 008 | 090401t1993 xxu||||| |||| 00| 0 eng d | ||
| 035 | _a(Sirsi) u66792 | ||
| 041 | _aeng | ||
| 100 | _aWilliams, D. | ||
| 245 | _aBusiness tenancies | ||
| 260 | _c1993 | ||
| 350 | _a0 | ||
| 490 |
_aEstates Gazette _v(9316) 24 April 1993, 99-103(5) |
||
| 520 | _aSummary of recent case law under Landlord and Tenant Act 1954 Part II. | ||
| 650 | _aABDUL AMARJEE V BARROWFEN PROPERTIES LTD | ||
| 650 | _aBLYTHEWOOD PLANT HIRE LTD V SPIERS LTD | ||
| 650 | _aBOOTS THE CHEMIST V PINKLAND LTD | ||
| 650 | _aCITY OF LONDON CORPORATION V FELL | ||
| 650 | _aDOE V ALLIED FREEHOLD PROPERTY TRUST LTD | ||
| 650 | _aFRENCH V COMMERCIAL UNION ASSURANCE CO PLC | ||
| 650 | _aGMS SYNDICATE LTD V GARY ELLIOTT LTD | ||
| 650 | _aGRAYSIM HOLDINGS LTD V P&O PROPERTY HOLDINGS LTD | ||
| 650 | _aHERBERT DUNCAN LTD V CLUTTONS | ||
| 650 | _aLANDLORD AND TENANT ACT 1954 PART II | ||
| 650 | _aLATIF V HILLSIDE ESTATES (SWANSEA) LTD | ||
| 650 | _aMETHODIST SECONDARY SCHOOLS TRUST DEED TRUSTEES V OLEARY | ||
| 650 | _aMIAH V BROMLEY PARK GARDENS ESTATATES LTD | ||
| 650 | _aPALISADE INVESTMENTS LTD V COLLIN ESTATES LTD | ||
| 650 | _aPETER GODDARD & SONS LTD V HOUNSLOW LBC | ||
| 650 | _aR V GRAVESEND BC EX P PATCHETT | ||
| 650 | _aSALOMON V AKIENS | ||
| 650 | _aSIMONITE V SHEFFIELD CC | ||
| 650 | _aTHORN EMI V PINKLAND LTD | ||
| 650 | _aWHELTON SINCLAIR (A FIRM) V HYLAND | ||
| 690 | _aLANDLORD AND TENANT-BUSINESS TENANCIES | ||
| 942 | _n0 | ||
| 948 | _c04/03/1997 | ||
| 999 |
_c41731 _d41731 |
||